[Event "España ch Sub-16 2008"]
[Site "Padron ESP"]
[Date "2008.07.21"]
[Round "3.3"]
[White "Suarez Calvo, Alexandra"]
[Black "Espinosa Aranda, Angel"]
[Result "0-1"]
[PlyCount "38"]
[EventDate "2008.07.20"]
[EventType "swiss"]
[EventRounds "9"]
[EventCountry "ESP"]
[Source "lmi"]
[SourceDate "2008.07.20"]
[WhiteElo "2037"]
[BlackElo "2313"]

1. e4 c5 2. Nf3 Nc6 3. d4 cxd4 4. Nxd4 g6 5. Nc3 Bg7 6. Be3 Nf6 7. f4 d6 8. h3
O-O 9. Qf3 Nxd4 10. Bxd4 Qa5 11. g4 e5 12. Be3 exf4 13. Bxf4 Nxe4 14. Bd2 Nxd2
15. Kxd2 Bd7 16. Qd3 Rac8 17. Be2 Rfe8 18. h4 Bxc3+ 19. bxc3 Rxe2+ 0-1

[Event "España ch Sub-16 2008"]
[Site "Padron ESP"]
[Date "2008.07.21"]
[Round "3.4"]
[White "Montañes Arribas, Adrian"]
[Black "Chueca Forcen, Alberto"]
[Result "0-1"]
[PlyCount "70"]
[EventDate "2008.07.20"]
[EventType "swiss"]
[EventRounds "9"]
[EventCountry "ESP"]
[Source "lmi"]
[SourceDate "2008.07.20"]
[WhiteElo "2034"]
[BlackElo "2254"]

1. e4 e6 2. d4 d5 3. Nc3 Bb4 4. e5 b6 5. a3 Bf8 6. Nf3 Qd7 7. Bb5 c6 8. Ba4 b5
9. Bb3 c5 10. dxc5 Bxc5 11. Nxd5 Bb7 12. Nc3 Qxd1+ 13. Kxd1 Bxf3+ 14. gxf3 Nc6
15. Ne4 O-O-O+ 16. Ke1 Be7 17. f4 Nh6 18. c3 Nf5 19. Ng3 Nh4 20. Ke2 g5 21.
fxg5 Nxe5 22. Bc2 Nef3 23. Ne4 Rd5 24. a4 b4 25. cxb4 Nd4+ 26. Kd3 Nb3+ 27. Kc3
Nxa1 28. Bd1 Rhd8 29. Be2 Bxb4+ 30. Kxb4 Rd4+ 31. Kc3 Rxe4 32. Bb5 Kb7 33. Be3
a6 34. Bc4 Rc8 35. b3 Nxb3 0-1

[Event "España ch Sub-16 2008"]
[Site "Padron ESP"]
[Date "2008.07.21"]
[Round "3.5"]
[White "Sanchez Gonzalez, Sergio"]
[Black "Gil Quilez, David"]
[Result "0-1"]
[PlyCount "134"]
[EventDate "2008.07.20"]
[EventType "swiss"]
[EventRounds "9"]
[EventCountry "ESP"]
[Source "lmi"]
[SourceDate "2008.07.20"]
[WhiteElo "2228"]
[BlackElo "2031"]

1. c4 f5 2. g3 Nf6 3. Bg2 d6 4. d4 g6 5. Nc3 Bg7 6. d5 O-O 7. Nh3 c6 8. O-O e5
9. dxe6 Bxe6 10. Qd3 Na6 11. Ng5 Qe7 12. Bf4 Rad8 13. Rad1 h6 14. Nxe6 Qxe6 15.
Qe3 Qxe3 16. Bxe3 Ng4 17. Bxa7 Ne5 18. Bb6 Rd7 19. b3 Nxc4 20. bxc4 Bxc3 21. e4
fxe4 22. Bxe4 Kg7 23. Bg2 Bb4 24. Bd4+ Kh7 25. Be3 Bc5 26. Bf4 g5 27. Be4+ Kg8
28. Bd2 Rdf7 29. Be1 Nc7 30. Kg2 Ra8 31. Rd2 Ne6 32. Rb2 Bd4 33. Re2 Nc5 34.
Bg6 Rf6 35. Bb1 Re6 36. Rxe6 Nxe6 37. Bb4 c5 38. Bd2 Ra4 39. Re1 Kf7 40. Re2
Kf6 41. Be4 b6 42. Bc6 Ra3 43. Bc1 Ra7 44. h4 Be5 45. hxg5+ hxg5 46. Bd5 Nc7
47. Be4 Ne6 48. a3 Ra4 49. Bd5 Nc7 50. f4 gxf4 51. gxf4 Bxf4 52. Bxf4 Nxd5 53.
cxd5 Rxf4 54. Re6+ Kf5 55. Rxd6 Ke5 56. Rxb6 Kxd5 57. Rb3 c4 58. Rf3 Re4 59.
Rf1 c3 60. Kf3 Re8 61. Rd1+ Kc4 62. Rd7 Kb3 63. Rb7+ Kxa3 64. Ra7+ Kb2 65. Rb7+
Kc1 66. Rc7 c2 67. Kf2 Rb8 0-1

[Event "España ch Sub-16 2008"]
[Site "Padron ESP"]
[Date "2008.07.21"]
[Round "3.6"]
[White "Adan Bermudez, Sergio"]
[Black "Navarro Diaz, Carles"]
[Result "1-0"]
[PlyCount "75"]
[EventDate "2008.07.20"]
[EventType "swiss"]
[EventRounds "9"]
[EventCountry "ESP"]
[Source "lmi"]
[SourceDate "2008.07.20"]
[WhiteElo "2205"]
[BlackElo "2020"]

1. c4 Nf6 2. g3 g6 3. Bg2 Bg7 4. Nc3 O-O 5. d3 d6 6. e4 Nc6 7. Nge2 Bg4 8. h3
Bxe2 9. Nxe2 Nd7 10. d4 e5 11. d5 Nd4 12. Be3 Nxe2 13. Qxe2 f5 14. exf5 gxf5
15. g4 f4 16. Bd2 Nc5 17. Be4 Bh6 18. f3 Qh4+ 19. Kf1 Nxe4 20. Qxe4 Rf7 21. Be1
Qf6 22. Ke2 Qg6 23. Qxg6+ hxg6 24. Kd3 c6 25. Bf2 a6 26. Ke4 Rc8 27. Rac1 Bf8
28. b4 Rfc7 29. Bb6 cxd5+ 30. Kxd5 Rc6 31. Bf2 Bg7 32. a4 Rd8 33. b5 axb5 34.
cxb5 Rcc8 35. Bb6 Re8 36. Rxc8 Rxc8 37. a5 Rc2 38. a6 1-0

[Event "España ch Sub-16 2008"]
[Site "Padron ESP"]
[Date "2008.07.21"]
[Round "3.7"]
[White "Donoso Sanchez, Alejandro"]
[Black "Pardo Simon, David"]
[Result "1/2-1/2"]
[PlyCount "45"]
[EventDate "2008.07.20"]
[EventType "swiss"]
[EventRounds "9"]
[EventCountry "ESP"]
[Source "lmi"]
[SourceDate "2008.07.20"]
[WhiteElo "2023"]
[BlackElo "2204"]

1. e4 e5 2. Nf3 Nc6 3. Bb5 a6 4. Ba4 Nf6 5. O-O Nxe4 6. d4 b5 7. d5 Ne7 8. Bb3
d6 9. Re1 Nc5 10. Be3 Nxb3 11. axb3 Ng6 12. Nc3 Bd7 13. Ra5 Bc8 14. b4 Bb7 15.
Qe2 Qd7 16. Rea1 Rb8 17. Nd2 Be7 18. Nb3 O-O 19. R5a2 Rbe8 20. Na5 Bc8 21. Nc6
f5 22. Nb8 Qd8 23. Nc6 1/2-1/2

[Event "España ch Sub-16 2008"]
[Site "Padron ESP"]
[Date "2008.07.21"]
[Round "3.8"]
[White "Herrera Delgado, Alejandro"]
[Black "Beltran De Heredia E., Miguel"]
[Result "0-1"]
[PlyCount "78"]
[EventDate "2008.07.20"]
[EventType "swiss"]
[EventRounds "9"]
[EventCountry "ESP"]
[Source "lmi"]
[SourceDate "2008.07.20"]
[WhiteElo "2204"]
[BlackElo "1993"]

1. e4 c5 2. Nf3 d6 3. d4 cxd4 4. Nxd4 Nf6 5. Nc3 e6 6. Bc4 a6 7. Qe2 b5 8. Bb3
Bb7 9. a3 Be7 10. Bxe6 fxe6 11. Nxe6 Qd7 12. Nxg7+ Kf7 13. Nf5 Rc8 14. Bg5 Rxc3
15. bxc3 Qc6 16. O-O Nbd7 17. Rfe1 Bf8 18. Qf3 Re8 19. Qh3 Rxe4 20. Nd4 Qd5 21.
Rxe4 Qxe4 22. f3 Qd5 23. Bh4 Bc8 24. Re1 Qc4 25. Ne6 Ne5 26. Nd8+ Ke8 27. Qg3
Be7 28. Bxf6 Bxf6 29. Re4 Qc5+ 30. Kh1 Kxd8 31. h3 Kc7 32. Qf4 Qxc3 33. Kh2 h5
34. a4 Bb7 35. Re3 Qa1 36. Qh6 Qd4 37. c3 Qh4 38. Qh7+ Nd7 39. axb5 Qf4+ 0-1

[Event "España ch Sub-16 2008"]
[Site "Padron ESP"]
[Date "2008.07.21"]
[Round "3.9"]
[White "Baragano Campa, David"]
[Black "Collado Barbas, Laura"]
[Result "1-0"]
[PlyCount "75"]
[EventDate "2008.07.20"]
[EventType "swiss"]
[EventRounds "9"]
[EventCountry "ESP"]
[Source "lmi"]
[SourceDate "2008.07.20"]
[WhiteElo "2177"]
[BlackElo "1983"]

1. e4 e6 2. d4 d5 3. Nd2 Nc6 4. Ngf3 Nf6 5. e5 Nd7 6. c3 Be7 7. Bd3 O-O 8. O-O
f6 9. exf6 Nxf6 10. Re1 Bd6 11. Nf1 Bd7 12. Ng3 Qe8 13. Ne5 Nd8 14. Bg5 Be7 15.
Bb1 Ne4 16. Nxe4 dxe4 17. Bxe7 Qxe7 18. Bxe4 Be8 19. Re3 Qh4 20. Qc2 g6 21. Rh3
Qf6 22. Rf3 Qg7 23. Re1 Rxf3 24. Bxf3 c6 25. Bg4 Rc8 26. Qa4 a6 27. Nd3 Bf7 28.
Nc5 Qf6 29. Qb3 Rc7 30. Qb6 Qe7 31. g3 h5 32. Bh3 g5 33. Nd3 g4 34. Bg2 Rd7 35.
Nf4 Qf6 36. Re5 Qh6 37. Qc5 Bg6 38. Nxg6 1-0

[Event "España ch Sub-16 2008"]
[Site "Padron ESP"]
[Date "2008.07.21"]
[Round "3.11"]
[White "Pruja Ramirez De Cartagena, Marc"]
[Black "Eguia Cambero, Ignacio"]
[Result "1/2-1/2"]
[PlyCount "120"]
[EventDate "2008.07.20"]
[EventType "swiss"]
[EventRounds "9"]
[EventCountry "ESP"]
[Source "lmi"]
[SourceDate "2008.07.20"]
[WhiteElo "2136"]
[BlackElo "1915"]

1. e4 c5 2. Nf3 Nc6 3. d4 cxd4 4. Nxd4 g6 5. Nc3 Bg7 6. Be3 Nf6 7. Bc4 O-O 8.
Bb3 Qa5 9. f3 d6 10. Qd2 Bd7 11. O-O-O Nxd4 12. Bxd4 b5 13. Kb1 b4 14. Bxf6
bxc3 15. Bxc3 Bxc3 16. Qxc3 Qxc3 17. bxc3 Rac8 18. Kb2 Rc7 19. Rd3 Rfc8 20. a4
Rb8 21. Ra1 Be6 22. g3 Rcb7 23. Ra3 Kg7 24. Rd4 a5 25. Ka2 Kf6 26. f4 h5 27. h4
Rb6 28. Kb2 Rc8 29. Rd3 Rcb8 30. Kc1 Bxb3 31. Rxb3 Rxb3 32. cxb3 Rxb3 33. Kc2
Ra3 34. Rd4 Ra2+ 35. Kb3 Rg2 36. Rd3 Re2 37. Kc4 Rb2 38. Rd5 Rg2 39. Rxa5 Rxg3
40. Rd5 Rg1 41. a5 Ra1 42. Kb5 Ke6 43. Kc6 Ra3 44. f5+ gxf5 45. exf5+ Kf6 46.
Kb6 e5 47. fxe6 Kxe6 48. Rxh5 f5 49. a6 Rb3+ 50. Kc7 Rxc3+ 51. Kb8 Rb3+ 52. Ka8
d5 53. a7 d4 54. Rh8 d3 55. Rd8 Kf6 56. Rf8+ Kg6 57. h5+ Kxh5 58. Rxf5+ Kg4 59.
Rd5 Kf4 60. Rxd3 Rxd3 1/2-1/2

[Event "España ch Sub-16 2008"]
[Site "Padron ESP"]
[Date "2008.07.21"]
[Round "3.12"]
[White "Gimenez Menchon, Cesar"]
[Black "Fernandez Garcia, Jose Miguel"]
[Result "0-1"]
[PlyCount "80"]
[EventDate "2008.07.20"]
[EventType "swiss"]
[EventRounds "9"]
[EventCountry "ESP"]
[Source "lmi"]
[SourceDate "2008.07.20"]
[WhiteElo "1987"]
[BlackElo "2135"]

1. d4 Nf6 2. Nf3 d5 3. Bf4 c5 4. c3 Nc6 5. e3 Qb6 6. Qb3 c4 7. Qxb6 axb6 8. Na3
Bf5 9. Nb5 Ra5 10. a4 Bc2 11. Nc7+ Kd7 12. Ng5 Nd8 13. Be2 Bxa4 14. b4 Ra7 15.
Bd1 Bxd1 16. Rxa7 Bh5 17. O-O e6 18. f3 h6 19. Nh3 Bg6 20. Nf2 Nh5 21. Na8 Nxf4
22. exf4 Kc6 23. Ng4 f6 24. b5+ Kxb5 25. Ne3 Bd3 26. Rf2 Kc6 27. Rb2 b5 28. Nc2
Bxc2 29. Rxc2 Bd6 30. g3 g5 31. fxg5 hxg5 32. Rb2 e5 33. Ra5 Ne6 34. Rbxb5 Rxa8
35. Rxd5 Rxa5 36. Rxa5 exd4 37. Ra4 b5 38. Ra6+ Kd5 39. Rb6 dxc3 40. Rxb5+ Bc5+
0-1

[Event "España ch Sub-16 2008"]
[Site "Padron ESP"]
[Date "2008.07.21"]
[Round "3.13"]
[White "Martin Fuentes, Alberto"]
[Black "Castillo Sanjuan, Daniel"]
[Result "1-0"]
[PlyCount "59"]
[EventDate "2008.07.20"]
[EventType "swiss"]
[EventRounds "9"]
[EventCountry "ESP"]
[Source "lmi"]
[SourceDate "2008.07.20"]
[WhiteElo "2124"]
[BlackElo "1911"]

1. e4 e5 2. Nf3 Nc6 3. d4 exd4 4. Bc4 Nf6 5. O-O Nxe4 6. Re1 d5 7. Bxd5 Qxd5 8.
Nc3 Qh5 9. Nxe4 Be7 10. Bg5 Bg4 11. Bxe7 Nxe7 12. Qe2 O-O-O 13. Ng3 Bxf3 14.
gxf3 Qg6 15. Qxe7 h5 16. Qe4 Qb6 17. h4 g6 18. b3 Qf6 19. Rad1 Rhe8 20. Qxe8
Rxe8 21. Rxe8+ Kd7 22. Re4 c5 23. Kg2 g5 24. hxg5 Qxg5 25. Rh1 Qd2 26. Re2 Qb4
27. Rxh5 Qa3 28. Rf5 b5 29. Rxf7+ Kc6 30. Rf6+ 1-0

[Event "España ch Sub-16 2008"]
[Site "Padron ESP"]
[Date "2008.07.21"]
[Round "3.14"]
[White "Antolin Concha, Diego"]
[Black "Porras Mateo, Alejandra"]
[Result "1-0"]
[PlyCount "83"]
[EventDate "2008.07.20"]
[EventType "swiss"]
[EventRounds "9"]
[EventCountry "ESP"]
[Source "lmi"]
[SourceDate "2008.07.20"]
[WhiteElo "2115"]
[BlackElo "1905"]

1. d4 d5 2. c4 e6 3. Nc3 Nf6 4. cxd5 exd5 5. Bg5 Be7 6. e3 O-O 7. Bd3 b6 8.
Bxf6 Bxf6 9. Qh5 g6 10. Qxd5 c6 11. Qxd8 Rxd8 12. Ke2 Na6 13. Nf3 Nb4 14. Be4
Ba6+ 15. Kd2 Rac8 16. a3 Nd5 17. Nxd5 cxd5 18. Bd3 Bb7 19. Rac1 Kf8 20. Rxc8
Rxc8 21. Rc1 Rxc1 22. Kxc1 Ke7 23. Kc2 Kd6 24. Kc3 h6 25. Nd2 Bg7 26. f3 f5 27.
f4 Bc6 28. Nf3 Ke6 29. h4 h5 30. g3 Kd6 31. Ne5 Be8 32. a4 Bxe5 33. fxe5+ Kc7
34. Bb5 Bf7 35. b3 Kd8 36. Kd2 Be6 37. Ke2 Ke7 38. Kf3 Kf8 39. Kf4 Ke7 40. Kg5
Kf7 41. Kh6 a5 42. Bc6 1-0

[Event "España ch Sub-16 2008"]
[Site "Padron ESP"]
[Date "2008.07.21"]
[Round "3.15"]
[White "Millan Soto, Miguel"]
[Black "Marcos Pinto, Luis"]
[Result "1-0"]
[PlyCount "145"]
[EventDate "2008.07.20"]
[EventType "swiss"]
[EventRounds "9"]
[EventCountry "ESP"]
[Source "lmi"]
[SourceDate "2008.07.20"]
[WhiteElo "1926"]
[BlackElo "2115"]

1. e4 c5 2. Nf3 Nc6 3. d4 cxd4 4. Nxd4 e5 5. Nb5 Nf6 6. N1c3 d6 7. a4 a6 8. Na3
Be7 9. Bc4 O-O 10. O-O Be6 11. Re1 Rc8 12. b3 Nd4 13. Bb2 Bxc4 14. Nxc4 b5 15.
axb5 axb5 16. Ne3 b4 17. Ncd5 Nc6 18. Nxf6+ Bxf6 19. Nf5 Be7 20. Re3 g6 21.
Nxe7+ Qxe7 22. Rd3 Rfd8 23. Ra6 Qb7 24. Ra4 Qe7 25. Ra6 Qh4 26. Re3 Qf6 27. c4
Qe6 28. Rb6 Qe7 29. Qd5 Qc7 30. Rf3 Rd7 31. Ra6 Qb7 32. Ra4 Qc7 33. Kf1 Rf8 34.
Ra6 Ne7 35. Qa5 Qb7 36. Re3 Rb8 37. Qa1 Rdd8 38. Rd3 Qxe4 39. Rdxd6 Rxd6 40.
Rxd6 Nf5 41. Rd5 Re8 42. Rxe5 Rxe5 43. Bxe5 Kf8 44. Qb2 Qd3+ 45. Ke1 Nh4 46. f3
Nf5 47. Qd2 Qb1+ 48. Kf2 Ke7 49. Qxb4+ Ke8 50. Qc3 Qa2+ 51. Kf1 Qb1+ 52. Kf2
Qa2+ 53. Qb2 Qa7+ 54. Kf1 Ne3+ 55. Ke1 Nf5 56. Qe2 Qg1+ 57. Kd2 Qb1 58. Bc3+
Kf8 59. Bb4+ Kg7 60. Qd1 Qb2+ 61. Qc2 Qd4+ 62. Kc1 Qg1+ 63. Kb2 Qxh2 64. Bc3+
Kf8 65. Qd2 Qc7 66. g4 Ng3 67. Bb4+ Kg8 68. Bd6 Qd7 69. c5 h5 70. Qh6 Ne2 71.
Be5 f6 72. Bxf6 hxg4 73. Qxg6+ 1-0

[Event "España ch Sub-16 2008"]
[Site "Padron ESP"]
[Date "2008.07.21"]
[Round "3.16"]
[White "Senlle Caride, Miguel"]
[Black "Navarro Molina, David"]
[Result "1/2-1/2"]
[PlyCount "64"]
[EventDate "2008.07.20"]
[EventType "swiss"]
[EventRounds "9"]
[EventCountry "ESP"]
[Source "lmi"]
[SourceDate "2008.07.20"]
[WhiteElo "2289"]
[BlackElo "1723"]

1. e4 c5 2. Nc3 e6 3. Nf3 Nc6 4. d4 cxd4 5. Nxd4 Qc7 6. Be3 a6 7. Be2 b5 8. f4
Bb7 9. O-O Bc5 10. Qd2 Rc8 11. Kh1 Qb6 12. Rad1 Nxd4 13. Bxd4 Bxd4 14. Qxd4
Qxd4 15. Rxd4 Nf6 16. a4 bxa4 17. Rb4 Bc6 18. Bxa6 Ra8 19. Ra1 Nxe4 20. Nxe4
Bxe4 21. Rxe4 Rxa6 22. Rexa4 Rxa4 23. Rxa4 Ke7 24. Kg1 Rb8 25. Ra2 Rb4 26. g3
Rd4 27. b3 Rd2 28. b4 Kd6 29. Ra6+ Kd5 30. Ra7 Kc4 31. Rb7 Kc3 32. b5 Kc4
1/2-1/2

[Event "España ch Sub-16 2008"]
[Site "Padron ESP"]
[Date "2008.07.21"]
[Round "3.17"]
[White "Lopez Quevedo, Eduardo"]
[Black "Coll Ortega, Jordi"]
[Result "0-1"]
[PlyCount "76"]
[EventDate "2008.07.20"]
[EventType "swiss"]
[EventRounds "9"]
[EventCountry "ESP"]
[Source "lmi"]
[SourceDate "2008.07.20"]
[WhiteElo "1998"]
[BlackElo "2206"]

1. e4 c5 2. Nf3 e6 3. d4 cxd4 4. Nxd4 Nc6 5. Nc3 Qc7 6. Be2 a6 7. O-O Nf6 8. a3
Nxd4 9. Qxd4 Bc5 10. Qd3 h5 11. Qg3 Qxg3 12. hxg3 d6 13. Bf3 Nd7 14. Na4 Ba7
15. c4 Ne5 16. Be2 Bd7 17. Nc3 Rc8 18. Rd1 Ke7 19. Bf4 f6 20. Bxe5 dxe5 21. Rd2
g5 22. Bf1 g4 23. Rad1 Rcd8 24. Ne2 Ba4 25. Rxd8 Rxd8 26. Rxd8 Kxd8 27. Nc3 Bc2
28. Be2 Bd4 29. Bd1 Bd3 30. Bb3 Bxc3 31. bxc3 Bxe4 32. Kf1 Kd7 33. Ba4+ Bc6 34.
Bd1 Kd6 35. f3 f5 36. fxg4 hxg4 37. Kf2 Kc5 38. Be2 Ba4 0-1

[Event "España ch Sub-16 2008"]
[Site "Padron ESP"]
[Date "2008.07.21"]
[Round "3.18"]
[White "Rivas Crespo, Alexander"]
[Black "Forcen Esteban, Daniel"]
[Result "1/2-1/2"]
[PlyCount "61"]
[EventDate "2008.07.20"]
[EventType "swiss"]
[EventRounds "9"]
[EventCountry "ESP"]
[Source "lmi"]
[SourceDate "2008.07.20"]
[WhiteElo "1961"]
[BlackElo "2200"]

1. e4 c5 2. Nf3 d6 3. d4 cxd4 4. Nxd4 Nf6 5. Nc3 a6 6. Be2 e5 7. Nb3 Be6 8. Nd5
Nbd7 9. f3 Bxd5 10. exd5 Rc8 11. c4 Qc7 12. Be3 Be7 13. O-O O-O 14. Nd2 a5 15.
Kh1 b5 16. b3 bxc4 17. bxc4 Nc5 18. Rb1 Nfd7 19. Qc2 Rb8 20. Rxb8 Rxb8 21. Rb1
Bd8 22. Ne4 Na6 23. a3 Nb6 24. Bd3 h6 25. Rb5 Nd7 26. Rxb8 Qxb8 27. Qb1 Bc7 28.
Qb5 Qxb5 29. cxb5 Nac5 30. Nxc5 Nxc5 31. Bxc5 1/2-1/2

[Event "España ch Sub-16 2008"]
[Site "Padron ESP"]
[Date "2008.07.21"]
[Round "3.19"]
[White "Herrera Reyes, Jose Antonio"]
[Black "Tejedor Ariza, Francisco"]
[Result "1-0"]
[PlyCount "71"]
[EventDate "2008.07.20"]
[EventType "swiss"]
[EventRounds "9"]
[EventCountry "ESP"]
[Source "lmi"]
[SourceDate "2008.07.20"]
[WhiteElo "2145"]
[BlackElo "2010"]

1. e4 c5 2. Nf3 e6 3. c3 Nf6 4. e5 Nd5 5. d4 cxd4 6. cxd4 d6 7. a3 Bd7 8. Bd3
Bc6 9. O-O Nd7 10. b4 a6 11. exd6 Bxd6 12. Nbd2 Nf4 13. Nc4 Bc7 14. Bxf4 Bxf4
15. Nfe5 Nxe5 16. dxe5 Qg5 17. Nd6+ Ke7 18. Ne4 Bxe4 19. Bxe4 Bxh2+ 20. Kxh2
Qxe5+ 21. Kg1 Qxe4 22. Re1 Qf4 23. Qd5 Rhb8 24. g3 Qd6 25. Qh5 h6 26. Rad1 Qc6
27. Rc1 Qb6 28. Rc5 Rc8 29. Rf5 f6 30. Qg6 Rg8 31. Rc5 Rad8 32. Rec1 Rd2 33.
Rc7+ Kd6 34. R1c5 Rd5 35. Qf7 Rd8 36. f4 1-0

[Event "España ch Sub-16 2008"]
[Site "Padron ESP"]
[Date "2008.07.21"]
[Round "3.20"]
[White "Otero Nogueira, Brais"]
[Black "Garcia Molina, Francisco Miguel"]
[Result "0-1"]
[PlyCount "66"]
[EventDate "2008.07.20"]
[EventType "swiss"]
[EventRounds "9"]
[EventCountry "ESP"]
[Source "lmi"]
[SourceDate "2008.07.20"]
[WhiteElo "1917"]
[BlackElo "2144"]

1. e4 e6 2. d3 d5 3. e5 c5 4. f4 Nc6 5. Nc3 Nh6 6. Nf3 Nf5 7. g3 Be7 8. Bg2 f6
9. O-O O-O 10. Re1 Rb8 11. Ne2 Qc7 12. c3 fxe5 13. fxe5 b5 14. g4 Nh4 15. Nxh4
Bxh4 16. d4 Bf2+ 17. Kh1 Bxe1 18. Qxe1 cxd4 19. cxd4 Qe7 20. Be3 Bd7 21. Qg3
Rbc8 22. g5 Nb4 23. Rg1 Nd3 24. g6 h6 25. Bh3 Rc2 26. Bg4 Rxb2 27. Rd1 Nb4 28.
Nf4 Rxa2 29. Bc1 Rc2 30. Nh3 a5 31. Ng5 Rxc1 32. Rxc1 Qxg5 33. Rc7 Qxg6 0-1

[Event "España ch Sub-16 2008"]
[Site "Padron ESP"]
[Date "2008.07.21"]
[Round "3.21"]
[White "Bardera Gil, Sergi"]
[Black "Gomez Calomarde, Saul"]
[Result "1-0"]
[PlyCount "41"]
[EventDate "2008.07.20"]
[EventType "swiss"]
[EventRounds "9"]
[EventCountry "ESP"]
[Source "lmi"]
[SourceDate "2008.07.20"]
[WhiteElo "2101"]
[BlackElo "2008"]

1. e4 c5 2. Nf3 g6 3. d4 cxd4 4. Nxd4 Bg7 5. Be3 Nc6 6. Nc3 Nf6 7. Bc4 Qa5 8.
O-O O-O 9. Kh1 Qb4 10. Bb3 Ng4 11. Qxg4 Bxd4 12. Nd5 Qc5 13. Bxd4 Qxd4 14. c3
Qg7 15. Qh4 g5 16. Qg3 b5 17. f4 gxf4 18. Qxf4 d6 19. Rf3 Qe5 20. Qh6 Bd7 21.
Nf6+ 1-0

[Event "España ch Sub-16 2008"]
[Site "Padron ESP"]
[Date "2008.07.21"]
[Round "3.22"]
[White "Gutierrez Valero, Mario"]
[Black "Pintor Munoz, Antonio"]
[Result "0-1"]
[PlyCount "70"]
[EventDate "2008.07.20"]
[EventType "swiss"]
[EventRounds "9"]
[EventCountry "ESP"]
[Source "lmi"]
[SourceDate "2008.07.20"]
[WhiteElo "1945"]
[BlackElo "2076"]

1. d4 e6 2. c4 Nf6 3. Nf3 Bb4+ 4. Bd2 Qe7 5. g3 Nc6 6. Nc3 Bxc3 7. Bxc3 Ne4 8.
Qc2 Nxc3 9. Qxc3 d6 10. d5 Nd8 11. Qxg7 Rf8 12. Bg2 f5 13. Qc3 Qf6 14. Qxf6
Rxf6 15. Nd4 e5 16. Nb5 Kd7 17. O-O c5 18. a3 b6 19. e4 a6 20. Nc3 f4 21. Bh3+
Kc7 22. Bxc8 Rxc8 23. f3 Nf7 24. g4 h5 25. h3 Rh8 26. Kg2 Rfh6 27. Rh1 Ng5 28.
gxh5 Rxh5 29. h4 Rxh4 30. Rxh4 Rxh4 31. Rf1 Rh3 32. b3 Rg3+ 33. Kh1 Rxf3 34.
Rxf3 Nxf3 35. Nb1 b5 0-1

[Event "España ch Sub-16 2008"]
[Site "Padron ESP"]
[Date "2008.07.21"]
[Round "3.23"]
[White "Ladron De Guevara Pinto, Paolo"]
[Black "Subirats Ruiz, Sergi"]
[Result "1-0"]
[PlyCount "69"]
[EventDate "2008.07.20"]
[EventType "swiss"]
[EventRounds "9"]
[EventCountry "ESP"]
[Source "lmi"]
[SourceDate "2008.07.20"]
[WhiteElo "1915"]
[BlackElo "2054"]

1. e4 d5 2. exd5 Qxd5 3. Nc3 Qd6 4. d4 Nf6 5. Be2 a6 6. h3 g6 7. Nf3 Bg7 8. Be3
Nbd7 9. O-O b5 10. a3 Bb7 11. Qd2 Rd8 12. Rfd1 O-O 13. Bh6 c5 14. Bxg7 Kxg7 15.
dxc5 Qxc5 16. Qd4 Qc6 17. Bf1 Nc5 18. Qe3 Nfe4 19. Rd4 Rc8 20. Nxe4 Nxe4 21.
Bd3 Nc5 22. Rh4 Rh8 23. Qxe7 Rce8 24. Qg5 h6 25. Qg3 Nxd3 26. cxd3 Qc2 27. Nd4
Qxb2 28. Rf1 Bc8 29. Qd6 Qd2 30. Nf3 Qc3 31. Nd4 Re1 32. Rxe1 Qxe1+ 33. Kh2
Qxf2 34. Rf4 Qe3 35. Qf6+ 1-0

[Event "España ch Sub-16 2008"]
[Site "Padron ESP"]
[Date "2008.07.21"]
[Round "3.25"]
[White "Bujosa Ribas, Joan"]
[Black "Garcia Salamero, Gabriel"]
[Result "1/2-1/2"]
[PlyCount "158"]
[EventDate "2008.07.20"]
[EventType "swiss"]
[EventRounds "9"]
[EventCountry "ESP"]
[Source "lmi"]
[SourceDate "2008.07.20"]
[WhiteElo "2012"]
[BlackElo "1973"]

1. e4 e5 2. Nf3 Nf6 3. Bc4 Nxe4 4. Nc3 Nf6 5. Nxe5 d5 6. Bb3 c6 7. d4 Bd6 8.
O-O O-O 9. Bg5 h6 10. Bh4 Be7 11. Re1 Nbd7 12. Qd3 Nxe5 13. dxe5 Nd7 14. Bxe7
Qxe7 15. Qg3 Nc5 16. Rad1 Bf5 17. Bxd5 cxd5 18. Nxd5 Qe6 19. Nc7 Qxa2 20. Nxa8
Rxa8 21. b4 Ne6 22. Qf3 Qxc2 23. Qxb7 Re8 24. Qxa7 Nf4 25. Qc5 Qxc5 26. bxc5
Nd3 27. Re3 Nxc5 28. h3 h5 29. Rc1 Ne6 30. Rec3 Nf4 31. Re1 Bg6 32. Kh2 Nd3 33.
Re2 Rxe5 34. Rxe5 Nxe5 35. Ra3 f6 36. Ra7 Kh7 37. Ra5 Kh6 38. Rb5 Bh7 39. Rb6
h4 40. Ra6 Nd3 41. Kg1 Nf4 42. Kh2 Bf5 43. Ra5 Bc8 44. Rc5 Be6 45. Ra5 Kg6 46.
Rb5 Nd3 47. Kg1 Nf4 48. Kh2 Kf7 49. Rb7+ Kf8 50. Kg1 Bd5 51. Rb4 g5 52. f3 Kf7
53. Rb6 Kg6 54. Ra6 Kf5 55. Ra5 Ke5 56. Ra4 Bxf3 57. gxf3 Nxh3+ 58. Kg2 Nf4+
59. Kf2 Kf5 60. Ra5+ Kg6 61. Ra6 Nh5 62. Rb6 Ng3 63. Ra6 Nf5 64. Rb6 Nh6 65.
Ra6 g4 66. fxg4 Kg5 67. Kg2 Nxg4 68. Ra8 Ne5 69. Ra5 Kg4 70. Ra4+ Kg5 71. Kh3
Ng6 72. Rg4+ Kh5 73. Ra4 f5 74. Rb4 Kg5 75. Ra4 Nf4+ 76. Kh2 Kg4 77. Rb4 Kg5
78. Ra4 Ng6 79. Kh3 Nf4+ 1/2-1/2

[Event "España ch Sub-16 2008"]
[Site "Padron ESP"]
[Date "2008.07.21"]
[Round "3.26"]
[White "Moreno Martin, Daniel"]
[Black "Jimenez Fernandez, Alejandro"]
[Result "1/2-1/2"]
[PlyCount "113"]
[EventDate "2008.07.20"]
[EventType "swiss"]
[EventRounds "9"]
[EventCountry "ESP"]
[Source "lmi"]
[SourceDate "2008.07.20"]
[WhiteElo "2091"]
[BlackElo "1971"]

1. e4 c6 2. Nc3 d5 3. Nf3 Bg4 4. h3 Bxf3 5. Qxf3 e6 6. a3 Nf6 7. d3 Nbd7 8. g3
dxe4 9. dxe4 Be7 10. Bg2 O-O 11. O-O Qc7 12. Qe2 Rad8 13. f4 Rfe8 14. g4 Nb6
15. e5 Nfd7 16. Kh1 Nd5 17. Ne4 Nc5 18. c4 Nxe4 19. Bxe4 Nb6 20. Be3 Nd7 21.
Qf2 Qa5 22. b4 Qc7 23. Qg2 a5 24. Rab1 Rb8 25. h4 axb4 26. axb4 Red8 27. h5 Ra8
28. Rb3 Ra4 29. c5 Rda8 30. Bb1 Ra3 31. Qb2 Rxb3 32. Qxb3 Nf8 33. Rg1 Qd8 34.
Be4 Qb8 35. Bd4 Qa7 36. Ra1 Qb8 37. Rxa8 Qxa8 38. g5 Qa6 39. Bd3 Qa8 40. Bc2
Qa6 41. Bd3 Qa8 42. Kh2 Qd8 43. Qc4 Qd5 44. Qxd5 exd5 45. Bf5 Ne6 46. Be3 g6
47. hxg6 hxg6 48. Bd3 Kf8 49. Kg3 Ke8 50. Kg4 Nf8 51. Bf2 Kd7 52. f5 Bd8 53.
e6+ Ke7 54. Bd4 gxf5+ 55. Bxf5 Nxe6 56. Bf6+ Ke8 57. Bxe6 1/2-1/2

[Event "España ch Sub-16 2008"]
[Site "Padron ESP"]
[Date "2008.07.21"]
[Round "3.27"]
[White "Pareja Alvarez, Diego"]
[Black "Colon Garcia, Enrique"]
[Result "1/2-1/2"]
[PlyCount "59"]
[EventDate "2008.07.20"]
[EventType "swiss"]
[EventRounds "9"]
[EventCountry "ESP"]
[Source "lmi"]
[SourceDate "2008.07.20"]
[WhiteElo "1876"]
[BlackElo "2118"]

1. e4 c5 2. Nf3 d6 3. d4 cxd4 4. Nxd4 Nf6 5. Nc3 a6 6. Be3 Ng4 7. Bg5 h6 8. Bh4
g5 9. Bg3 Bg7 10. Be2 h5 11. h4 gxh4 12. Bxh4 Nc6 13. Nb3 Be6 14. Qd2 Qb6 15.
Bxg4 Bxg4 16. f3 Be6 17. Bf2 Qd8 18. Nd4 Qa5 19. Nxc6 bxc6 20. Bd4 Bxd4 21.
Qxd4 Qe5 22. Qxe5 dxe5 23. O-O-O f6 24. Na4 Kf7 25. Nc5 Rag8 26. Rd2 h4 27. b3
a5 28. a4 Rg3 29. Rf2 Bc8 30. Kd2 1/2-1/2